00866 2200325 4500001002100000005001500021035002000036007000300056008004100059020001800100082000800118084001500126100002000141245012400161260003100285300003600316650003300352700003000385700001200415990001200427990001200439990001100451990001200462990001100474990001100485990001100496990001100507990001100518990001100529INLIS00000000000203020180531023611 a0010-0518000100ta180531 g 0 ind  a9786023753741 a427 a427 DAD s0 aDADANG, Dachjar1 aSmart English :bKuasai Vocabulary dan Grammar Tanpa Kamus /cDadang Dachjar; editor, Teresa Iswara Widyasmara, Erwanda aJakarta :bGrasindo,c2016 aiv, 225 hlm. :bilus. ;c21 cm. aBAHASA INGGRIS-BAHASA TEKNIK0 aTERESA, Iswara Widyasmara0 aERWANDA a16641 a a16641 b a16641b a16641 a a16641a a16641b a16641b a16641a a16641a a16641b